000 01183nam a2200373 4500
001 000425938
003 DO-SdBPM
005 20250618090438.0
007 ta
008 941221r 1992 sp a |||| ||cat
017 _a
_b
020 _a8434825317
035 _a
040 _aDO-SdBPM
_bspa
_cBPMSU
_erda
082 4 _a863.6
_bG531t 1992
_222
100 1 _aGisbert, Joan Manuel
_d1949-
240 1 3 _aEl talismà de l'Adriàtic.
_lEspañol
245 1 3 _aEl talismán del Adriático /
_cJoan Manuel Gisbert ;ilustración Alfonso Ruano
_h
250 _a 5ª ed.
264 _aBarcelona :
_bSM,
_c1992
300 _a156 páginas :
_bilustraciones :
_c19 cm.
336 _atexto
_btxt
_2rdacontent
337 _asin mediación
_bn
_2rdamedia
338 _avolumen
_bnc
_2rdacarrier
490 0 _aCatamarán,
_v3
521 _aA partir de 12 años.
586 _aPremio Lazarillo, 1980.
586 _aPremio Nacional de Literatura Infantil y Juvenil, 1985.
590 _aInventariado, 2025/VM
650 7 _aCuentos jueveniles españoles
700 1 _aRuano, Alfonso
_d1949-
_bilustraciones
910 _aVMateo V. Control de calidad. BPMSU
942 _2ddc
_cBK
999 _c9056
_d9056